Online Catalogue and eLibrary

Gandhi on women : (Record no. 54)

MARC details
000 -LEADER
fixed length control field 00602cam a2200181 a 4500
001 - CONTROL NUMBER
control field 1993621
005 - DATE AND TIME OF LATEST TRANSACTION
control field 20231122231821.0
008 - FIXED-LENGTH DATA ELEMENTS--GENERAL INFORMATION
fixed length control field 890525s1988 ii 001 0 eng
040 ## - CATALOGING SOURCE (பட்டியலாக்க மூலம்)
Original cataloging agency DLC
Transcribing agency DLC
Modifying agency DLC
-- OCoLC
082 ## - DDC Classification
DDC Edition Number 22
Class No. 305.404.
Item Number - Author Mark GAN
100 1# - MAIN ENTRY--PERSONAL NAME
Personal name Gandhi,
245 10 - TITLE STATEMENT
Title Gandhi on women :
Remainder of title collection of Mahatma Gandhi's writings and speeches on women /
Statement of responsibility, etc. compiled by Pushpa Joshi.
260 ## - PUBLICATION, DISTRIBUTION, ETC.
Place of publication, distribution, etc. Ahmedabad :
Name of publisher, distributor, etc. Navajivan Pub. House ;
Place of publication, distribution, etc. New Delhi :
Name of publisher, distributor, etc. Centre for Women's Development Studies,
Date of publication, distribution, etc. 1988.
300 ## - PHYSICAL DESCRIPTION
Extent (e.g. Volumes, Pages etc.) xxii, 385 p. ;
500 ## - GENERAL NOTE
General note Includes index.
700 1# - ADDED ENTRY--PERSONAL NAME
Personal name Joshi, Pushpa.
Relator term (Role) Editor
942 ## - Koha item type (Biblio)
Koha item type Books in Stacks (Lending)
Holdings
Lost status Damaged status Collection code Home library Current library Date acquired Full call number Accession Number Item type
    Lending WERC Library WERC Library 11/23/2023 305.404. GAN 3162 Books in Stacks (Lending)

© WERC Library